[Event "M5"]
[Site "Koge"]
[Date "2004.??.??"]
[Round "4"]
[White "Bogdanov, Dimitri"]
[Black "Knudsen, Joachim Holm"]
[Result "1/2-1/2"]
[WhiteElo "2057"]
[BlackElo "1952"]
[PlyCount "133"]
[EventDate "2004.04.08"]
[EventType "swiss"]
[EventRounds "5"]
[EventCountry "DEN"]

1. e4 e5 2. Nf3 Nc6 3. Bb5 Nf6 4. d3 Bc5 5. O-O d6 6. h3 h6 7. c3 Bd7 8. Re1
O-O 9. Nbd2 Bb6 10. Nf1 Ne7 11. Bxd7 Nxd7 12. a4 a6 13. a5 Ba7 14. d4 Kh8 15.
dxe5 Nxe5 16. Nxe5 dxe5 17. Qh5 Ng6 18. g3 Qf6 19. Be3 Bxe3 20. Nxe3 c6 21.
Rad1 Rad8 22. Qf5 Qxf5 23. Nxf5 Kg8 24. b4 Rfe8 25. Kf1 Nf8 26. Ke2 Ne6 27. h4
h5 28. Rxd8 Rxd8 29. Rd1 Rxd1 30. Kxd1 Kf8 31. Nd6 Nd8 32. Ke2 g6 33. Kd3 Ke7
34. Nc4 f6 35. Nb6 Ne6 36. Ke3 Nc7 37. Na4 Nb5 38. Kd3 Nd6 39. Nc5 Kf8 40. f4
Ke7 41. fxe5 fxe5 42. Na4 Ke6 43. Nb2 Ke7 44. Nd1 Kf6 45. Ne3 g5 46. Nc4 Nxc4
47. Kxc4 gxh4 48. gxh4 Ke6 49. Kc5 Kd7 50. Kb6 Kc8 51. c4 Kb8 52. b5 cxb5 53.
cxb5 axb5 54. Kxb5 Ka7 55. Kc5 Ka6 56. Kd5 Kxa5 57. Kxe5 b5 58. Kf6 b4 59. e5
b3 60. e6 b2 61. e7 b1=Q 62. e8=Q Qd1 63. Qe5+ Kb6 64. Kg6 Qg4+ 65. Qg5 Kc7 66.
Kh6 Kd7 67. Qxh5 1/2-1/2

[Event "M5"]
[Site "Koge"]
[Date "2004.??.??"]
[Round "4"]
[White "Jensen, Soren G"]
[Black "Hald, Jens Erik"]
[Result "0-1"]
[WhiteElo "1993"]
[BlackElo "1951"]
[PlyCount "82"]
[EventDate "2004.04.08"]
[EventType "swiss"]
[EventRounds "5"]
[EventCountry "DEN"]

1. d4 Nf6 2. c4 g6 3. Nc3 Bg7 4. e4 d6 5. Nf3 O-O 6. Be2 Nbd7 7. O-O e5 8. Be3
exd4 9. Nxd4 Nc5 10. f3 a5 11. Qd2 Re8 12. Rfd1 a4 13. Rac1 Ne6 14. Nc2 Bd7 15.
Nb4 Bc6 16. Bf2 Nh5 17. g3 Bf6 18. f4 Bxc3 19. Rxc3 Bxe4 20. Bxh5 gxh5 21. Qe2
Ng7 22. Bd4 Bf5 23. Qf2 Be4 24. Nd5 Bxd5 25. cxd5 Nf5 26. Rdc1 Re4 27. Rc4 Rxd4
28. Rxd4 Nxd4 29. Qxd4 Qe7 30. Rc2 a3 31. b3 Re8 32. Qc4 Qe3+ 33. Kg2 Re7 34.
Kh3 Qf3 35. Rd2 Qg4+ 36. Kg2 h4 37. Kf2 h3 38. Qb5 b6 39. Qa4 Qf5 40. Qxa3 Qe4
41. Qb2 Qg2# 0-1

[Event "M5"]
[Site "Koge"]
[Date "2004.??.??"]
[Round "4"]
[White "Laursen, Niels Norskov"]
[Black "Christensen, Thomas"]
[Result "0-1"]
[WhiteElo "2050"]
[BlackElo "2269"]
[PlyCount "48"]
[EventDate "2004.04.08"]
[EventType "swiss"]
[EventRounds "5"]
[EventCountry "DEN"]

1. e4 c5 2. Nf3 d6 3. d4 cxd4 4. Nxd4 Nf6 5. Nc3 a6 6. Bg5 e6 7. f4 Be7 8. Qf3
Nc6 9. O-O-O Nxd4 10. Rxd4 Qc7 11. Be2 b5 12. e5 Bb7 13. Qg3 dxe5 14. fxe5 Bc5
15. Rh4 Nd7 16. Ne4 Rc8 17. Kb1 Qxe5 18. Bf4 Qxe4 19. Bf3 Qxc2+ 20. Kxc2 Bf2+
21. Kb1 Bxg3 22. Bxb7 Bxh4 23. Bxc8 e5 24. Bd2 Nb8 0-1

[Event "M5"]
[Site "Koge"]
[Date "2004.??.??"]
[Round "5"]
[White "Hejberg, Carsten"]
[Black "Jacobsen, Hans Endrup"]
[Result "1-0"]
[WhiteElo "1897"]
[BlackElo "1997"]
[PlyCount "87"]
[EventDate "2004.04.08"]
[EventType "swiss"]
[EventRounds "5"]
[EventCountry "DEN"]

1. d4 Nf6 2. c4 e6 3. Nc3 Bb4 4. Qb3 Bxc3+ 5. Qxc3 Ne4 6. Qc2 d5 7. Nf3 Nd7 8.
Bf4 O-O 9. cxd5 exd5 10. Qxc7 Qxc7 11. Bxc7 Nb8 12. e3 Nc6 13. a3 f6 14. Bd3
Be6 15. b4 Rfc8 16. Bf4 Ne7 17. Nd2 g5 18. Nxe4 dxe4 19. Bxe4 gxf4 20. Bxb7
fxe3 21. fxe3 Bd5 22. Bxa8 Bxa8 23. O-O Kf7 24. Rac1 Rg8 25. Rf2 Rg5 26. Rc7 a5
27. Ra7 Be4 28. Rxa5 Rxa5 29. bxa5 Nd5 30. Rb2 Nc7 31. Kf2 Ke6 32. Rb6+ Kf5 33.
a6 h5 34. a7 Bd5 35. a4 Be4 36. a5 Bd5 37. a6 Be4 38. Rb7 Na8 39. Kg3 Kg5 40.
Rb5+ Kg6 41. Kf4 f5 42. Ke5 Bxg2 43. d5 Nc7 44. Rc5 1-0

[Event "M5"]
[Site "Koge"]
[Date "2004.??.??"]
[Round "5"]
[White "Hald, Jens Erik"]
[Black "Bogdanov, Dimitri"]
[Result "1-0"]
[WhiteElo "1951"]
[BlackElo "2057"]
[PlyCount "79"]
[EventDate "2004.04.08"]
[EventType "swiss"]
[EventRounds "5"]
[EventCountry "DEN"]

1. e4 g6 2. c4 Bg7 3. d4 d6 4. Nc3 Nc6 5. Nf3 Bg4 6. Be3 e5 7. dxe5 Nxe5 8. Be2
Bxf3 9. Bxf3 Ne7 10. Be2 O-O 11. O-O f5 12. f4 N5c6 13. Bf3 fxe4 14. Bxe4 Nf5
15. Bf2 Kh8 16. Qd2 Bd4 17. Rad1 Qe7 18. Bxd4+ Nfxd4 19. b4 Nf5 20. b5 Nd8 21.
Bxf5 Rxf5 22. Rde1 Qg7 23. Re8+ Rf8 24. Rfe1 Nf7 25. R8e7 Rac8 26. Nd5 c6 27.
Nc7 Qf6 28. Ne8 Rcxe8 29. Rxe8 Rxe8 30. Rxe8+ Kg7 31. bxc6 bxc6 32. Re1 Nh6 33.
Qe3 Nf5 34. Qxa7+ Kh6 35. Qf2 Qc3 36. Qe2 Qd4+ 37. Kh1 Qxf4 38. Qe4 Qd2 39. g4
Nh4 40. Qe3+ 1-0

[Event "M5"]
[Site "Koge"]
[Date "2004.??.??"]
[Round "5"]
[White "Knudsen, Joachim Holm"]
[Black "Schmidt, Tommy B"]
[Result "0-1"]
[WhiteElo "1952"]
[BlackElo "2108"]
[PlyCount "90"]
[EventDate "2004.04.08"]
[EventType "swiss"]
[EventRounds "5"]
[EventCountry "DEN"]

1. d4 Nf6 2. c4 c5 3. Nf3 cxd4 4. Nxd4 e5 5. Nb5 d5 6. cxd5 a6 7. N5c3 Bf5 8.
Bg5 e4 9. e3 Bd6 10. Bxf6 Qxf6 11. Qa4+ Kf8 12. Nd2 Nd7 13. Ndxe4 Bxe4 14. Qxe4
Rc8 15. Rc1 g6 16. Be2 Kg7 17. O-O Rhe8 18. Qf3 Qe5 19. Qg3 Qe7 20. Qh3 f5 21.
Bf3 Rc4 22. e4 Ne5 23. Be2 Rd4 24. Rcd1 Rb4 25. a3 Rxb2 26. exf5 Rb3 27. fxg6
hxg6 28. f4 Rh8 29. Qg3 Rc8 30. fxe5 Bxe5 31. Qg4 Rbxc3 32. Bd3 Qd6 33. h3 R8c5
34. Bf5 Rg3 35. Qe4 gxf5 36. Rxf5 Bf6 37. Rh5 Rg6 38. Qe8 Rxg2+ 39. Kxg2 Rc2+
40. Kf3 Qxa3+ 41. Qe3 Rc3 42. Rg1+ Kf7 43. Rh7+ Kf8 44. Re1 Bd4 45. Re7 Qxe7
0-1

[Event "M5"]
[Site "Koge"]
[Date "2004.??.??"]
[Round "5"]
[White "Laursen, Niels Norskov"]
[Black "Hansen, Jesper Maul"]
[Result "0-1"]
[WhiteElo "2050"]
[BlackElo "2052"]
[PlyCount "66"]
[EventDate "2004.04.08"]
[EventType "swiss"]
[EventRounds "5"]
[EventCountry "DEN"]

1. e4 c6 2. d4 d5 3. e5 Bf5 4. Nf3 e6 5. Be2 c5 6. O-O Ne7 7. c3 Nec6 8. Be3
Nd7 9. dxc5 Bxc5 10. Bxc5 Nxc5 11. Nbd2 O-O 12. Re1 Nd7 13. Bf1 Bg4 14. Qa4 Bh5
15. Re3 a6 16. Bd3 Nc5 17. Qc2 Nxd3 18. Qxd3 Bg6 19. Qe2 d4 20. Nxd4 Nxd4 21.
cxd4 Qxd4 22. Nb3 Qb4 23. Rc1 Rac8 24. Rec3 Rxc3 25. Rxc3 Rd8 26. Qd2 Qb6 27.
Qc1 h6 28. Rc8 Kh7 29. Rxd8 Qxd8 30. Qd2 Qc7 31. Qe2 Bb1 32. a3 Ba2 33. Nd2
Qc1+ 0-1

[Event "M5"]
[Site "Koge"]
[Date "2004.??.??"]
[Round "5"]
[White "Bonnez, Finn"]
[Black "Dongart, Dennis"]
[Result "1/2-1/2"]
[WhiteElo "2069"]
[BlackElo "2118"]
[PlyCount "54"]
[EventDate "2004.04.08"]
[EventType "swiss"]
[EventRounds "5"]
[EventCountry "DEN"]

1. d4 Nf6 2. Nf3 g6 3. g3 Bg7 4. Bg2 O-O 5. c4 d6 6. Nc3 Nc6 7. d5 Nb8 8. e4 e5
9. h3 b6 10. O-O a5 11. Be3 Na6 12. Ne1 Ne8 13. Nd3 f5 14. f3 Nf6 15. Qd2 Nh5
16. Ne2 Nc5 17. Nxc5 bxc5 18. g4 Nf6 19. Rab1 Nd7 20. b3 Nb6 21. Bg5 Bf6 22.
Bxf6 Qxf6 23. Qh6 Bd7 24. Kh2 Kh8 25. gxf5 gxf5 26. Qxf6+ Rxf6 27. f4 Rg8
1/2-1/2

[Event "M5"]
[Site "Koge"]
[Date "2004.??.??"]
[Round "5"]
[White "Nohr, Finn"]
[Black "Jorgensen, Arne Bjorn"]
[Result "1/2-1/2"]
[WhiteElo "1955"]
[BlackElo "2015"]
[PlyCount "31"]
[EventDate "2004.04.08"]
[EventType "swiss"]
[EventRounds "5"]
[EventCountry "DEN"]

1. e4 e6 2. d4 d5 3. Nc3 Nf6 4. e5 Nfd7 5. Nce2 c5 6. f4 Nc6 7. c3 cxd4 8. cxd4
Bb4+ 9. Bd2 Qb6 10. Bxb4 Qxb4+ 11. Qd2 O-O 12. Nf3 f6 13. Qxb4 Nxb4 14. Kd2
fxe5 15. fxe5 Nb6 16. b3 1/2-1/2